Les plus grands auteurs - Statistiques

Statistiques générales
  • Ce quiz a été pris 126 fois
  • Le résultat moyen est 2 sur 10
Statistiques - réponses
Auteurs % Correct
Victor Hugo
79%
Molière
53%
Honoré de Balzac
27%
Guy de Maupassant
20%
Albert Camus
19%
Marcel Proust
15%
Louis Ferdinand Céline
9%
Alfred de Musset
5%
Rabelais
4%
Apollinaire
2%
Aucun quiz correspondant
Distribution des résultats
% des personnes avec chaque résultat
Percentile par nombre de réponses
Votre historique - résultats
Vous n’avez pas pris ce quiz